000 00997nam a2200253 a 4500
001 BRCA_8794
005 20190320210420.0
008 190417s1804----sp-#######---#000-0#spa-#
041 _aspa
044 _asp
084 _aBE174
_b.G37 1804
100 1 _aGarriga, José
_921925
245 1 0 _aContinuación y suplemento del Prontuario de Don Severo Aguirre
_bque comprehende las cédulas, resoluciones, &c. expedidas del año 1803, y algunas de los anteriores
_cpor Don Josef Garriga
260 _aMadrid
_bEn la Imprenta de Don Ramón Ruiz
_c1804
300 _aXVI, 287 p.
_c21 x 15.5 cm.
500 _aCon privilegio
500 _aEstado físico: presenta encuadernación en pergamino
500 _aEn portada: Se hallará en la Librería de Don Valentín Francés, Frente de los gradas de San Felipe
650 1 4 _aDerecho civil
_yObras anteriores a 1900
_zEspaña
_921926
700 1 _aAguirre, Severo
_921927
700 1 _aRuiz, Ramón
_eImpresor
_921928
902 _aCFM
942 _2lcc
_cB
999 _c8445
_d8445